Central Library OPAC University of Rajshahi

الانسانية : نظام التوجية الاقتصادي الطبيعي لا الشيوعية ولا الاشتراكية ولا الراسمالية[alansaniat : nizam altawjiat alaiqtisadii altabieii la alshuyueiat wala alaishtirakiat wala alraasimalia] / (Record no. 79712)

MARC details
000 -LEADER
fixed length control field 00866nam a22002057a 4500
001 - CONTROL NUMBER
control field 79712
003 - CONTROL NUMBER IDENTIFIER
rucl marc code BD-RjUL
005 - DATE AND TIME OF LATEST TRANSACTION
control field 20220418111339.0
008 - FIXED-LENGTH DATA ELEMENTS--GENERAL INFORMATION
fixed length control field 220418s1954 ua ||||| |||| 00| 0 ara d
035 ## - SYSTEM CONTROL NUMBER
System control number (BD-RjUL) 79712
040 ## - CATALOGING SOURCE
Original cataloging agency BD-RjUL
Language of cataloging eng
Transcribing agency BD-RjUL
041 ## - LANGUAGE CODE
Language code of text/sound track or separate title ara
082 ## - DEWEY DECIMAL CLASSIFICATION NUMBER
Edition number 23
Classification number 144
Author mark and year YUA 1954
100 ## - MAIN ENTRY--PERSONAL NAME
Personal name يونس, قهر الدين [Yunus, Qahr al-Din]
9 (RLIN) 2522
245 14 - TITLE STATEMENT
Title الانسانية : نظام التوجية الاقتصادي الطبيعي لا الشيوعية ولا الاشتراكية ولا الراسمالية[alansaniat : nizam altawjiat alaiqtisadii altabieii la alshuyueiat wala alaishtirakiat wala alraasimalia] /
Statement of responsibility, etc. [Qahruddin Yunus]قهر الدين يونس
260 ## - PUBLICATION, DISTRIBUTION, ETC. (IMPRINT)
Place of publication, distribution, etc. Qahira:
Name of publisher, distributor, etc. مطابع دار الدليل الرياضي,
Date of publication, distribution, etc. 1954
300 ## - PHYSICAL DESCRIPTION
Pagination 495 p. ;
Size 23 cm
650 ## - SUBJECT ADDED ENTRY--TOPICAL TERM
Topical term or geographic name as entry element Humanity
9 (RLIN) 2521
942 ## - ADDED ENTRY ELEMENTS (KOHA)
Source of classification or shelving scheme Dewey Decimal Classification
Koha item type Books
Holdings
Lost status Source of classification or shelving scheme Damaged status Not for loan Collection code Permanent Location Current Location Shelving location Date acquired Full call number Date last seen Copy number Koha item type
  Dewey Decimal Classification   Not For Loan Non-fiction Central Library, University of Rajshahi Central Library, University of Rajshahi Reading Room 18/04/2022 A 144 YUA 1954 18/04/2022 C-1 Books